[Event "BCF-chT3N 1920 (4NCL)"]
[Site "England"]
[Date "2020.01.12"]
[Round "4.41"]
[White "Carpenter, Martin"]
[Black "Whyte, Brian G"]
[Result "0-1"]
[WhiteElo "2032"]
[BlackElo "2125"]
[PlyCount "52"]
[EventDate "2019.11.09"]
[EventType "team-swiss"]
[EventRounds "11"]
[EventCountry "ENG"]
[SourceTitle "EXT 2022"]
[Source "ChessBase"]
[SourceDate "2021.10.06"]
[SourceVersion "1"]
[SourceVersionDate "2021.10.06"]
[SourceQuality "1"]
[WhiteTeam "Jorvik"]
[BlackTeam "Shropshire"]
[WhiteTeamCountry "ENG"]
[BlackTeamCountry "ENG"]

1. e4 e5 2. Nf3 Nc6 3. Bb5 a6 4. Ba4 Nf6 5. 0-0 b5 6. Bb3 Bc5 7. Re1 d6 8. h3 0-0 9. c3 h6 10. a4 Rb8 11. d4 Bb6 12. Na3 Bd7 13. axb5 axb5 14. Bc2 Re8 15. Nxb5 Nxd4 16. Nfxd4 exd4 17. Nxd4 Ra8 18. Bf4 Rxa1 19. Qxa1 Nh7 20. Qd1 Qf6 21. Bg3 Nf8 22. Nf3 Qe6 23. Bb3 Qg6 24. e5 Qxg3 25. Nd4 Bxd4 26. Qxd4 Qg6 0-1

[Event "BCF-chT3N 1819 (4NCL)"]
[Site "England"]
[Date "2018.11.11"]
[Round "2.31"]
[White "Whyte, Brian G"]
[Black "Carpenter, Martin"]
[Result "1/2-1/2"]
[WhiteElo "2072"]
[BlackElo "2009"]
[PlyCount "47"]
[EventDate "2018.11.10"]
[EventType "team-swiss"]
[EventRounds "11"]
[EventCountry "ENG"]
[SourceTitle "EXT 2021"]
[Source "ChessBase"]
[SourceDate "2020.10.23"]
[SourceVersion "1"]
[SourceVersionDate "2020.10.23"]
[SourceQuality "1"]
[WhiteTeam "Shropshire"]
[BlackTeam "Jorvik"]
[WhiteTeamCountry "ENG"]
[BlackTeamCountry "ENG"]

1. Nf3 Nf6 2. b3 c5 3. c4 g6 4. g3 Bg7 5. Bb2 0-0 6. Bg2 Nc6 7. 0-0 d6 8. Nc3 Bd7 9. Nd5 Nxd5 10. Bxg7 Ne3 11. dxe3 Kxg7 12. Qd2 Qc7 13. h4 h5 14. Ng5 Rab8 15. e4 b5 16. cxb5 Rxb5 17. f4 Rbb8 18. Kh2 a5 19. Rad1 Bg4 20. Rc1 Qb6 21. Rc4 Rbd8 22. e3 Kg8 23. Rfc1 Kg7 24. Rf1 1/2-1/2

[Event "BCF-chT3N 1617 (4NCL)"]
[Site "England"]
[Date "2016.11.26"]
[Round "1.71"]
[White "Polaczek, Richard"]
[Black "Carpenter, Martin"]
[Result "1-0"]
[WhiteElo "2411"]
[BlackElo "2103"]
[PlyCount "59"]
[EventDate "2016.11.26"]
[EventType "team-swiss"]
[EventRounds "11"]
[EventCountry "ENG"]
[SourceTitle "EXT 2019"]
[Source "ChessBase"]
[SourceDate "2018.10.10"]
[SourceVersion "1"]
[SourceVersionDate "2018.10.10"]
[SourceQuality "1"]
[WhiteTeam "Manchester Manticores"]
[BlackTeam "Jorvik"]
[WhiteTeamCountry "ENG"]
[BlackTeamCountry "ENG"]

1. d4 e6 2. Nf3 c5 3. g3 Nf6 4. Bg2 Be7 5. 0-0 0-0 6. dxc5 Bxc5 7. c4 d5 8. cxd5 Qxd5 9. Qc2 Qf5 10. e4 Nxe4 11. g4 Qd5 12. Ng5 f5 13. Nc3 Qe5 14. Ncxe4 fxe4 15. Bxe4 h6 16. Nf3 Qd6 17. g5 e5 18. Rd1 Qb6 19. b4 Bd4 20. Nxd4 exd4 21. Qc4+ Be6 22. Qxd4 Qxd4 23. Rxd4 Nc6 24. Rd6 Rae8 25. gxh6 Nxb4 26. Ba3 Bh3 27. f3 a5 28. hxg7 Kxg7 29. Bb2+ Kg8 30. Rh6 1-0

[Event "BCF-chT3Nd 1516 (4NCL)"]
[Site "England"]
[Date "2016.03.20"]
[Round "8.125"]
[White "Bak, Andrew"]
[Black "Carpenter, Martin"]
[Result "1/2-1/2"]
[WhiteElo "2017"]
[BlackElo "2076"]
[PlyCount "94"]
[EventDate "2016.03.20"]
[EventType "team-swiss"]
[EventRounds "11"]
[EventCountry "ENG"]
[SourceTitle "EXT 2017"]
[Source "ChessBase"]
[SourceDate "2016.10.25"]
[SourceVersion "1"]
[SourceVersionDate "2016.10.25"]
[SourceQuality "1"]
[WhiteTeam "Bradford DCA Knights II"]
[BlackTeam "Jorvik"]
[WhiteTeamCountry "ENG"]
[BlackTeamCountry "ENG"]

1. d4 e6 2. Nf3 c5 3. e4 cxd4 4. Nxd4 Nc6 5. c4 Bb4+ 6. Bd2 Be7 7. Bc3 Nf6 8. Bd3 d6 9. 0-0 0-0 10. Kh1 Ne5 11. f4 Nxd3 12. Qxd3 e5 13. Ne2 Qc7 14. Nd2 a6 15. Rac1 b6 16. fxe5 dxe5 17. Qg3 Nd7 18. Nd4 Kh8 19. Nf5 Bf6 20. b4 Bb7 21. Qe3 g6 22. Nh6 Qd8 23. Nf3 Qe7 24. c5 bxc5 25. bxc5 Rac8 26. Bb4 Bc6 27. Nd2 Rb8 28. a3 Kg7 29. Ng4 Bg5 30. Qc3 f5 31. exf5 gxf5 32. Ne3 f4 33. Nec4 Qe6 34. Rce1 Qd5 35. Nf3 Bf6 36. Rd1 Qe4 37. Rfe1 Qf5 38. Rd6 Rbc8 39. Na5 Be4 40. Rxd7+ Qxd7 41. Rxe4 Qd5 42. Qe1 Rfe8 43. Nc4 Rc6 44. Rxf4 exf4 45. Qxe8 Re6 46. Qa4 Qxc4 47. Qd1 Qe2 1/2-1/2